Lỗ Tấn - Thân thế - Sự nghiệp - Những sáng tác tiêu biểu

में बचाया:
ग्रंथसूची विवरण
मुख्य लेखक: Lỗ Tấn
स्वरूप: पुस्तक
भाषा:Vietnamese
प्रकाशित: H. Văn hoá thông tin 2002
विषय:
टैग : टैग जोड़ें
कोई टैग नहीं, इस रिकॉर्ड को टैग करने वाले पहले व्यक्ति बनें!
Thư viện lưu trữ: Mạng thư viện Đại học Đà Nẵng
LEADER 01071nam a2200313 4500
001 000004967
003 1109
005 20120406080425.0
008 110805s2002 viesd
020 |c 70000 đ 
041 0 |a vie 
082 |a 895.1  |b LO-T 
100 0 |a Lỗ Tấn 
245 0 |a Lỗ Tấn - Thân thế - Sự nghiệp - Những sáng tác tiêu biểu  |c Lỗ Tân; Trần Lê Bảo biên soạn và tuyển chọn 
260 |a H.  |b Văn hoá thông tin  |c 2002 
300 |a 638 tr.  |c 21 cm 
653 |a Văn học Trung Quốc 
653 |a Lịch sử và Phê bình 
910 |a Minh  |d 05/08/2011 
OWN |a LSP 
AVA |a UDN50  |b LSP  |d 895.1 LO-T  |e available  |t Error 5001 Not defined in file expand_doc_bib_avail.  |f 8  |g 0  |h N  |i 0  |k 1 
999 |a From the UDN01 
AVA |a UDN50  |b LSP  |d 895.1 LO-T  |e available  |t Error 5001 Not defined in file expand_doc_bib_avail.  |f 8  |g 0  |h N  |i 0  |k 1 
TYP |a Monograph 
TYP |a Printed language 
980 |a Mạng thư viện Đại học Đà Nẵng